|
|
|
|
| LEADER |
01384nam a22003972i 4500 |
| 001 |
001535759 |
| 003 |
CZ BrMZK |
| 005 |
20160816120132.0 |
| 007 |
ta |
| 008 |
160719s1950 sz er|||||||||||ger d |
| 040 |
|
|
|a BOA001
|b cze
|e rda
|
| 072 |
|
7 |
|a 2-23/-27
|x Bible. Biblistika
|2 Konspekt
|9 5
|
| 080 |
|
|
|a 27-236.5
|2 MRF
|
| 080 |
|
|
|a 173.5/.7
|2 MRF
|
| 080 |
|
|
|a 27-277
|2 MRF
|
| 080 |
|
|
|a 274/278-1/-9
|2 MRF
|
| 080 |
|
|
|a (049)
|2 MRF
|
| 100 |
1 |
|
|a Brunner, Robert
|4 aut
|
| 245 |
1 |
0 |
|a Tobias, Vater und Sohn :
|b Zeitgenőssische Betrachtung zu einer verborgenen Buch der Bibel /
|c von Robert Brunner
|
| 264 |
|
1 |
|a Zürich :
|b Zwingli,
|c 1950
|
| 300 |
|
|
|a 86 stran
|
| 336 |
|
|
|a text
|b txt
|2 rdacontent
|
| 337 |
|
|
|a bez média
|b n
|2 rdamedia
|
| 338 |
|
|
|a svazek
|b nc
|2 rdacarrier
|
| 600 |
0 |
7 |
|a Tobiáš
|7 jx20041122024
|2 czenas
|
| 630 |
0 |
7 |
|a Bible.
|p Deuterokanonické knihy
|7 unn2006374718
|2 czenas
|
| 650 |
0 |
7 |
|a biblické postavy
|7 ph118857
|2 czenas
|
| 650 |
0 |
7 |
|a biblické události
|7 ph138437
|2 czenas
|
| 650 |
0 |
7 |
|a otcové a synové
|7 ph123866
|2 czenas
|
| 650 |
0 |
7 |
|a biblická interpretace
|7 ph118847
|2 czenas
|
| 650 |
0 |
7 |
|a protestantské učení
|7 ph307587
|2 czenas
|
| 655 |
|
7 |
|a pojednání
|7 fd133056
|2 czenas
|
| 910 |
|
|
|a BOA001
|b M1-1265.189
|
| 990 |
|
|
|a BK
|
| 991 |
|
|
|b 201605
|
| 996 |
7 |
|
|b 2610673937
|c M1-1265.189
|l MZK
|r Sklad / do 24 hodin
|n 0
|p dar
|w 001570781
|u 000010
|a 1
|e BOA001
|j MZK50
|s A
|